000 00650nam a2200181Ia 4500
008 090201s9999 xx 000 0 und d
010 _aKPL-69688
040 _bमराठी
041 _aमराठी
082 _a48298
_b69688
100 _aमंदाकिनी अष्टीकर
245 _aबहरला वृक्ष शृंगारली वेल
_cमंदाकिनी अष्टीकर
250 _a1
260 _c2005
_bनिशिगंधा प्रकाशन
300 _a240
_bलहान
600 _aबहरला वृक्ष शृंगारली वेल
942 _cBOOK
999 _c244949
_d244949